Supply chain strategies : (Record no. 1429730)

MARC details
000 -LEADER
fixed length control field 00558nam a2200205Ia 4500
005 - DATE AND TIME OF LATEST TRANSACTION
control field 20250522104247.0
008 - FIXED-LENGTH DATA ELEMENTS--GENERAL INFORMATION
fixed length control field 008 250516s9999 xx 000 0 eng d
020 ## - INTERNATIONAL STANDARD BOOK NUMBER
International Standard Book Number 9781032493329
040 ## - CATALOGING SOURCE
Original cataloging agency SDCL
Language of cataloging eng
Transcribing agency SDCL
041 ## - LANGUAGE CODE
Language code of text/sound track or separate title eng
Source of code eng
084 ## - COLON CLASSIFICATION NUMBER
Classification number X:732:8, R4
Assigning agency SDCL
100 ## - MAIN ENTRY--PERSONAL NAME
Personal name Hines, Tony
9 (RLIN) 752431
245 #0 - TITLE STATEMENT
Title Supply chain strategies :
Remainder of title Demand driven and customer focused
250 ## - EDITION STATEMENT
Edition statement 3rd ed.
260 ## - PUBLICATION, DISTRIBUTION, ETC.
Place of publication, distribution, etc. London:
Name of publisher, distributor, etc. Routledge,
Date of publication, distribution, etc. 2024.
300 ## - PHYSICAL DESCRIPTION
Extent xv,399p.
365 ## - TRADE PRICE
Price type code UKP
Price amount 56.99
650 ## - SUBJECT ADDED ENTRY--TOPICAL TERM
Topical term or geographic name entry element Operational Research
942 ## - ADDED ENTRY ELEMENTS (KOHA)
Koha item type Textual

No items available.

Copyright @ Delhi University Library System